[Event "BL 0708 SV Mülheim Nord - Bindl-Aktionä"]
[Site "?"]
[Date "2008.02.10"]
[Round "9.5"]
[White "Bindrich, Falko"]
[Black "Malakhatko, Vadim"]
[Result "1/2-1/2"]
[WhiteElo "2512"]
[BlackElo "2596"]
[PlyCount "45"]
[EventDate "2008.??.??"]

1. d4 d5 2. Nf3 Nf6 3. c4 c6 4. Nc3 dxc4 5. a4 e6 6. e3 c5 7. Bxc4 Nc6 8. O-O
cxd4 9. exd4 Be7 10. Qe2 O-O 11. Rd1 Nb4 12. Bg5 h6 13. Bxf6 Bxf6 14. Ne5 Qc7
15. Ng4 Be7 16. Ne3 Bg5 17. Bb3 Bd7 18. d5 Bxe3 19. Qxe3 exd5 20. Nxd5 Nxd5 21.
Bxd5 Bc6 22. Rac1 Rfe8 23. Qc3 1/2-1/2

[Event "BL 0708 SV Mülheim Nord - Bindl-Aktionä"]
[Site "?"]
[Date "2008.02.10"]
[Round "9.6"]
[White "Levin, Felix"]
[Black "Slobodjan, Roman"]
[Result "1/2-1/2"]
[WhiteElo "2552"]
[BlackElo "2547"]
[PlyCount "29"]
[EventDate "2008.??.??"]

1. Nf3 d5 2. d4 c6 3. c4 Nf6 4. Qb3 dxc4 5. Qxc4 Bf5 6. Nc3 e6 7. g3 Qa5 8. Qb3
Bb4 9. a3 Bxc3+ 10. bxc3 c5 11. Bg2 Be4 12. O-O O-O 13. a4 Rc8 14. Ba3 Nbd7 15.
Rfc1 1/2-1/2

[Event "BL 0708 SV Mülheim Nord - Bindl-Aktionä"]
[Site "?"]
[Date "2008.02.10"]
[Round "9.7"]
[White "Markos, Jan"]
[Black "Saltaev, Mihail"]
[Result "1-0"]
[WhiteElo "2565"]
[BlackElo "2511"]
[PlyCount "71"]
[EventDate "2008.??.??"]

1. d4 d5 2. c4 c6 3. Nc3 Nf6 4. e3 a6 5. Nf3 b5 6. c5 g6 7. Bd3 Bf5 8. Bxf5
gxf5 9. Ne5 Rg8 10. O-O e6 11. f3 Qc7 12. Nd3 Bh6 13. a4 Ra7 14. Bd2 Rb7 15.
axb5 axb5 16. Qe2 Ra7 17. Na2 Na6 18. Nac1 Nb8 19. Nb3 Nfd7 20. Ba5 Qc8 21. e4
fxe4 22. fxe4 dxe4 23. Qxe4 Rg6 24. Qf3 f6 25. Bd2 Rxa1 26. Rxa1 Qc7 27. Qh3
Bxd2 28. Qxe6+ Kd8 29. Nxd2 Nf8 30. Qe3 Qf7 31. Ne4 Qe7 32. Qf4 Qc7 33. Ra8
Nfd7 34. Nd6 Rg7 35. Qe3 Re7 36. Qg3 1-0

[Event "BL 0708 SV Mülheim Nord - Bindl-Aktionä"]
[Site "?"]
[Date "2008.02.10"]
[Round "9.8"]
[White "Hausrath, Daniel"]
[Black "Stohl, Igor Dr"]
[Result "1/2-1/2"]
[WhiteElo "2499"]
[BlackElo "2545"]
[PlyCount "22"]
[EventDate "2008.??.??"]

1. Nf3 Nf6 2. g3 g6 3. b3 Bg7 4. Bb2 b6 5. Bg2 Bb7 6. c4 c5 7. O-O O-O 8. Nc3
Na6 9. Rc1 d5 10. Nxd5 Nxd5 11. Bxg7 Kxg7 1/2-1/2

[Event "BL 0708 SF Katernberg - Erfurter SK"]
[Site "?"]
[Date "2008.02.10"]
[Round "9.1"]
[White "Kraemer, Martin"]
[Black "Postny, Evgeny"]
[Result "0-1"]
[WhiteElo "2436"]
[BlackElo "2599"]
[PlyCount "142"]
[EventDate "2008.??.??"]

1. d4 d5 2. c4 c6 3. Nc3 Nf6 4. e3 a6 5. Qc2 b5 6. b3 Bg4 7. Bd3 Nbd7 8. Nge2
Rc8 9. h3 Bh5 10. Nf4 e6 11. Nxh5 Nxh5 12. c5 e5 13. g4 Nhf6 14. Bd2 g6 15.
O-O-O Bg7 16. f4 exd4 17. exd4 O-O 18. f5 Re8 19. g5 Nh5 20. f6 Ndxf6 21. gxf6
Qxf6 22. Ne2 Qh4 23. Rdg1 Re6 24. Rg2 Qe7 25. Bg5 Bf6 26. h4 Re8 27. Qd2 Qc7
28. Rf1 Bxg5 29. hxg5 Re3 30. Rgf2 Qe7 31. Rf3 Rxf3 32. Rxf3 Qe6 33. Kc2 Re7
34. Qa5 Qc8 35. Nf4 Ng7 36. Rf2 Re8 37. Qb6 Re7 38. Kc3 Qe8 39. Kd2 Re3 40. Qc7
Re7 41. Qd6 Re1 42. Re2 Rxe2+ 43. Bxe2 Nf5 44. Qe5 Qd8 45. Bd3 Nh4 46. Ke2 Qc8
47. Kf2 Qg4 48. Be2 Qc8 49. Qe3 Qd8 50. Qe5 Qc8 51. Ng2 Qh3 52. Qg3 Qxg3+ 53.
Kxg3 Nf5+ 54. Kf4 Nxd4 55. Bg4 h5 56. Bd7 Kf8 57. Ke3 Nc2+ 58. Kd2 Nd4 59. Ke3
Nc2+ 60. Kf4 Nb4 61. Ne1 Nxa2 62. Nd3 a5 63. Bxc6 Nc3 64. Ke5 a4 65. bxa4 bxa4
66. Kd4 Ne2+ 67. Kxd5 Nf4+ 68. Kc4 a3 69. Nb4 Ne6 70. Bd5 h4 71. c6 Ke7 0-1

[Event "BL 0708 SF Katernberg - Erfurter SK"]
[Site "?"]
[Date "2008.02.10"]
[Round "9.4"]
[White "Senff, Martin"]
[Black "Kuczynski, Robert"]
[Result "1/2-1/2"]
[WhiteElo "2474"]
[BlackElo "2483"]
[PlyCount "79"]
[EventDate "2008.??.??"]

1. e4 c5 2. Nf3 d6 3. d4 cxd4 4. Nxd4 Nf6 5. Nc3 a6 6. Be3 e5 7. Nf3 h6 8. Bc4
Be6 9. Bb3 Nbd7 10. Nh4 Bxb3 11. axb3 Nxe4 12. Nxe4 Qxh4 13. Nxd6+ Bxd6 14.
Qxd6 Qe7 15. Qc7 Nf6 16. Qc4 Qe6 17. Qxe6+ fxe6 18. Ke2 Rd8 19. Rhd1 Kf7 20. c4
Rxd1 21. Rxd1 h5 22. h3 Rc8 23. g4 hxg4 24. hxg4 Ke7 25. g5 Nd7 26. Bd2 Nc5 27.
Bc3 Nxb3 28. Bxe5 Rxc4 29. Bxg7 Nc5 30. Bd4 e5 31. Be3 Ne6 32. Rd5 Nf4+ 33.
Bxf4 exf4 34. Rf5 Rb4 35. Kf3 Rxb2 36. Rxf4 a5 37. Ke3 Rb3+ 38. Kd2 Rb5 39. g6
Rg5 40. Rf7+ 1/2-1/2

[Event "BL 0708 SF Katernberg - Erfurter SK"]
[Site "?"]
[Date "2008.02.10"]
[Round "9.5"]
[White "Machelett, Heiko"]
[Black "Siebrecht, Sebastian"]
[Result "1/2-1/2"]
[WhiteElo "2430"]
[BlackElo "2481"]
[PlyCount "31"]
[EventDate "2008.??.??"]

1. d4 Nf6 2. Nf3 e6 3. e3 b6 4. Bd3 Bb7 5. O-O c5 6. c4 Be7 7. Nc3 d5 8. cxd5
exd5 9. Bb5+ Bc6 10. Bxc6+ Nxc6 11. Ne5 Qc7 12. Qa4 Rc8 13. Rd1 O-O 14. Qxc6
Qxc6 15. Nxc6 Rxc6 16. dxc5 1/2-1/2

[Event "BL 0708 SF Katernberg - Erfurter SK"]
[Site "?"]
[Date "2008.02.10"]
[Round "9.6"]
[White "Souleidis, Georgios"]
[Black "Mueller, Matthias"]
[Result "1/2-1/2"]
[WhiteElo "2421"]
[BlackElo "2405"]
[PlyCount "45"]
[EventDate "2008.??.??"]

1. e4 e5 2. Nf3 Nc6 3. Bc4 Nf6 4. d3 Be7 5. O-O O-O 6. Bb3 d6 7. c3 Na5 8. Bc2
c5 9. Nbd2 Nc6 10. Re1 Re8 11. Nf1 h6 12. Ng3 Bf8 13. h3 Bd7 14. d4 cxd4 15.
cxd4 exd4 16. Nxd4 d5 17. Nxc6 Bxc6 18. e5 Ne4 19. Nxe4 dxe4 20. Bf4 Qxd1 21.
Raxd1 g5 22. Bg3 Bg7 23. Bxe4 1/2-1/2

[Event "BL 0708 SF Katernberg - Erfurter SK"]
[Site "?"]
[Date "2008.02.10"]
[Round "9.7"]
[White "Enders, Peter"]
[Black "Scholz, Christian"]
[Result "1-0"]
[WhiteElo "2441"]
[BlackElo "2371"]
[PlyCount "73"]
[EventDate "2008.??.??"]

1. e4 c5 2. Nf3 d6 3. d4 cxd4 4. Nxd4 Nf6 5. Nc3 a6 6. Bc4 e6 7. Bb3 b5 8. O-O
Be7 9. f4 O-O 10. f5 b4 11. Na4 e5 12. Ne2 Bb7 13. Ng3 Nbd7 14. Qe1 d5 15. Bd2
a5 16. exd5 Nxd5 17. Kh1 Qc7 18. c4 N5b6 19. Nxb6 Nxb6 20. Nh5 Kh8 21. Be3 a4
22. Bd1 f6 23. Bf3 Rfc8 24. b3 axb3 25. axb3 Rxa1 26. Qxa1 Ra8 27. Qd1 Rd8 28.
Qe2 Bxf3 29. Rxf3 Bc5 30. h3 Bxe3 31. Qxe3 Rd1+ 32. Kh2 Rd3 33. Qe4 Rd4 34. Qe1
h6 35. Rg3 Rd7 36. Qxb4 Kh7 37. Rxg7+ 1-0

[Event "BL 0708 SF Katernberg - Erfurter SK"]
[Site "?"]
[Date "2008.02.10"]
[Round "9.8"]
[White "Thesing, Matthias"]
[Black "Voekler, Bernd"]
[Result "1-0"]
[WhiteElo "2393"]
[BlackElo "2371"]
[PlyCount "93"]
[EventDate "2008.??.??"]

1. e4 c5 2. Nf3 d6 3. d4 cxd4 4. Nxd4 Nf6 5. Nc3 a6 6. Be3 e5 7. Nf3 Be7 8. Bc4
Be6 9. Bxe6 fxe6 10. O-O h6 11. Nh4 O-O 12. Ng6 Rf7 13. Qd3 Nbd7 14. Qc4 Nf8
15. Nxf8 Bxf8 16. Qxe6 Qc8 17. Qb3 Qc6 18. f3 Rc8 19. Rf2 Qc4 20. Rd1 Qxb3 21.
axb3 Rfc7 22. Rdd2 Kf7 23. Kf1 Ke6 24. Ke1 Be7 25. Kd1 Rxc3 26. bxc3 d5 27.
exd5+ Nxd5 28. Rxd5 Kxd5 29. c4+ Ke6 30. Re2 Bf6 31. Bc1 b5 32. cxb5 axb5 33.
Bb2 Kd5 34. Kd2 Rd8 35. Ke3 Bg5+ 36. Kf2 Re8 37. Re4 Re6 38. c4+ bxc4 39. bxc4+
Kd6 40. Ke2 Bf6 41. f4 exf4 42. c5+ Kd5 43. Rxe6 Kxe6 44. Bxf6 Kxf6 45. Kf3 g5
46. Kg4 Ke5 47. h3 1-0

[Event "BL 0708 SG Turm Trier - Solinger SG"]
[Site "?"]
[Date "2008.02.10"]
[Round "9.4"]
[White "Flumbort, Andras"]
[Black "Naumann, Alexander"]
[Result "1/2-1/2"]
[WhiteElo "2499"]
[BlackElo "2548"]
[PlyCount "95"]
[EventDate "2008.??.??"]

1. d4 d5 2. c4 c6 3. Nf3 Nf6 4. Nc3 dxc4 5. a4 Bf5 6. Ne5 Nbd7 7. Nxc4 Nb6 8.
Ne5 a5 9. Bg5 h6 10. Bh4 e6 11. e4 Bh7 12. f3 Be7 13. Bf2 O-O 14. Be2 Nfd7 15.
Nd3 Bh4 16. g3 Bf6 17. Qb3 Rb8 18. O-O Na8 19. Rfd1 Nc7 20. Rac1 Na6 21. f4 Be7
22. Bf3 Nb4 23. Ne5 Rc8 24. Bg4 Nxe5 25. dxe5 Qe8 26. Qc4 b5 27. Qe2 Rb8 28.
Ra1 bxa4 29. Nxa4 Rb5 30. Nb6 Kh8 31. Nc4 Qb8 32. Rd7 Rb7 33. Rd2 Rd8 34. Rxa5
Rxd2 35. Nxd2 Rd7 36. Nc4 Nd3 37. Bb6 Bb4 38. Ra1 Nc5 39. Bf3 Rd4 40. Ba7 Qb5
41. Nd6 Qxe2 42. Bxe2 Bxe4 43. Nxe4 Rxe4 44. Kf2 Rd4 45. Ke3 Rd7 46. Bc4 Rb7
47. Ke2 g6 48. Bxc5 1/2-1/2

[Event "BL 0708 SG Turm Trier - Solinger SG"]
[Site "?"]
[Date "2008.02.10"]
[Round "9.5"]
[White "Hoffmann, Michael"]
[Black "Jaracz, Pawel"]
[Result "1/2-1/2"]
[WhiteElo "2471"]
[BlackElo "2518"]
[PlyCount "29"]
[EventDate "2008.??.??"]

1. e4 c6 2. d4 d5 3. exd5 cxd5 4. c4 Nf6 5. Nc3 e6 6. Nf3 Bb4 7. cxd5 Nxd5 8.
Bd2 Nc6 9. Bd3 Be7 10. O-O O-O 11. Re1 Nf6 12. Bg5 Nd5 13. Bd2 Nf6 14. Bg5 Nd5
15. Bd2 1/2-1/2

[Event "BL 0708 SG Turm Trier - Solinger SG"]
[Site "?"]
[Date "2008.02.10"]
[Round "9.7"]
[White "Ernst, Sipke"]
[Black "Kolbus, Dietmar"]
[Result "1-0"]
[WhiteElo "2539"]
[BlackElo "2386"]
[PlyCount "101"]
[EventDate "2008.??.??"]

1. d4 Nf6 2. c4 g6 3. Nc3 d5 4. Bg5 Ne4 5. Bh4 Nxc3 6. bxc3 Bg7 7. e3 c5 8.
cxd5 Qxd5 9. Be2 Nc6 10. Bf3 Qd6 11. Ne2 O-O 12. O-O Re8 13. Rb1 cxd4 14. cxd4
b6 15. Bg3 Qd7 16. Rc1 Bb7 17. Qa4 Rec8 18. Nf4 Qe8 19. Nd3 e6 20. Nb4 Na5 21.
Qxe8+ Rxe8 22. Bxb7 Nxb7 23. Rc7 Na5 24. Rfc1 Bf8 25. Na6 Red8 26. Bh4 Re8 27.
g4 h6 28. Kg2 g5 29. Bg3 Re7 30. Rxe7 Bxe7 31. Bb8 Kg7 32. e4 Kg6 33. e5 Ba3
34. Rc2 b5 35. Rc8 Bb2 36. Nc7 Rxb8 37. Rxb8 Bxd4 38. Nxb5 Bxe5 39. Rc8 a6 40.
Nc7 Nb7 41. Nxa6 Nd6 42. Rc6 h5 43. h3 hxg4 44. hxg4 Kf6 45. Nc5 Ke7 46. a4 Bf4
47. a5 Nb5 48. Rb6 Nc7 49. a6 Na8 50. Rb7+ Bc7 51. Ra7 1-0

[Event "BL 0708 SG Turm Trier - Solinger SG"]
[Site "?"]
[Date "2008.02.10"]
[Round "9.8"]
[White "Cioara, Andrei Nestor"]
[Black "Wegerle, Joerg"]
[Result "1-0"]
[WhiteElo "2428"]
[BlackElo "2413"]
[PlyCount "93"]
[EventDate "2008.??.??"]

1. d4 Nf6 2. c4 e6 3. g3 d5 4. Nf3 Bb4+ 5. Bd2 Be7 6. Bg2 O-O 7. O-O c6 8. Nc3
Nbd7 9. Bf4 Nh5 10. Bd2 Nhf6 11. c5 b6 12. b4 a5 13. a3 Ba6 14. Qc2 Bc4 15.
Rfe1 Qc8 16. Bf4 Qa6 17. Rab1 Rfe8 18. Nd2 axb4 19. axb4 Nh5 20. Bc7 Rec8 21.
cxb6 Nxb6 22. Bxb6 Qxb6 23. Nxc4 dxc4 24. e3 Ra3 25. Na4 Qa6 26. Nc5 Bxc5 27.
bxc5 Ra2 28. Rb2 Rxb2 29. Qxb2 Ra8 30. Rc1 Nf6 31. Qc3 h5 32. Bf3 g6 33. Qxc4
Qb7 34. Qc2 Rb8 35. Ra1 Nd5 36. Qa2 Kg7 37. Qa7 Qc8 38. Kg2 Qd8 39. Ra2 Rb1 40.
Qa8 Qg5 41. Qxc6 h4 42. Qd6 h3+ 43. Kxh3 Qf5+ 44. Bg4 Qd3 45. Ra8 Qf1+ 46. Kh4
Qxf2 47. Qf8+ 1-0

[Event "BL 0708 Hamburger SK - SC Remagen"]
[Site "?"]
[Date "2008.02.10"]
[Round "9.1"]
[White "Ivanchuk, Vassily"]
[Black "Wojtaszek, Radoslav"]
[Result "1/2-1/2"]
[WhiteElo "2787"]
[BlackElo "2635"]
[PlyCount "85"]
[EventDate "2008.??.??"]

1. e4 c6 2. d4 d5 3. Nd2 dxe4 4. Nxe4 Nd7 5. Ne2 Ndf6 6. N2c3 Nxe4 7. Nxe4 Bf5
8. Qf3 e6 9. c3 Be7 10. Bc4 Nf6 11. Nxf6+ Bxf6 12. a4 a5 13. O-O O-O 14. Re1
Rc8 15. Bf4 Bg5 16. Be5 Bf6 17. Bg3 Bh4 18. Re5 Bf6 19. Re3 Kh8 20. h3 Qe7 21.
Rae1 Bc2 22. Qe2 Bg6 23. Bf4 Rfd8 24. g3 h6 25. h4 Bh7 26. Bb3 Qd7 27. Qf3 Qe7
28. Qh5 Ra8 29. Bc4 Bg6 30. Qf3 Rac8 31. R1e2 Bh7 32. Qg4 Qd7 33. Qh5 Ra8 34.
Bd3 Bxd3 35. Rxd3 Kg8 36. Rf3 Qe7 37. Re4 Rd5 38. Be5 Bxe5 39. dxe5 Qf8 40. c4
Rd7 41. Rg4 Kh7 42. Rgf4 Kg8 43. Rg4 1/2-1/2

[Event "BL 0708 Hamburger SK - SC Remagen"]
[Site "?"]
[Date "2008.02.10"]
[Round "9.5"]
[White "Degraeve, Jean-Marc"]
[Black "Mueller, Karsten Dr"]
[Result "0-1"]
[WhiteElo "2546"]
[BlackElo "2515"]
[PlyCount "66"]
[EventDate "2008.??.??"]

1. e4 c5 2. Nf3 e6 3. d4 cxd4 4. Nxd4 Nf6 5. Nc3 Nc6 6. Nxc6 bxc6 7. e5 Nd5 8.
Ne4 Qc7 9. f4 Qb6 10. c4 Ne3 11. Qd3 Bb4+ 12. Bd2 Ba6 13. b3 O-O 14. Bxb4 Qxb4+
15. Kf2 Nd5 16. g3 Qb6+ 17. Kf3 c5 18. Bg2 Nb4 19. Qd2 f6 20. exf6 d5 21. cxd5
exd5 22. Nf2 d4 23. g4 Bb7+ 24. Kg3 Bxg2 25. fxg7 Rfe8 26. Kxg2 Qc6+ 27. Kg1
Qf3 28. Qc1 Re2 29. Qc4+ Nd5 30. Rf1 Rae8 31. b4 Rxf2 32. Rxf2 Re1+ 33. Rf1
Qe3+ 0-1

[Event "BL 0708 Hamburger SK - SC Remagen"]
[Site "?"]
[Date "2008.02.10"]
[Round "9.6"]
[White "Heinemann, Thies"]
[Black "Popovic, Petar"]
[Result "1/2-1/2"]
[WhiteElo "2478"]
[BlackElo "2474"]
[PlyCount "66"]
[EventDate "2008.??.??"]

1. e4 c5 2. Nf3 d6 3. d4 cxd4 4. Nxd4 Nf6 5. Nc3 a6 6. Be3 e5 7. Nf3 Be7 8. Bc4
O-O 9. O-O Be6 10. Bb3 Nc6 11. Bg5 Nd7 12. Bxe7 Qxe7 13. Nd2 Na5 14. Re1 Nf6
15. Nf1 Rac8 16. Qd2 Nc4 17. Bxc4 Rxc4 18. Rad1 Rd8 19. f3 Qc7 20. Ne3 Rd4 21.
Qf2 h6 22. Rd2 Rc8 23. Ned1 Rxd2 24. Qxd2 Qc5+ 25. Qe3 b5 26. a3 Kf8 27. Re2
Ke7 28. Rd2 Nd7 29. Qxc5 Rxc5 30. Ne3 Nb6 31. Rd3 g6 32. g4 Rc8 33. Kf2 Rf8
1/2-1/2

[Event "BL 0708 Hamburger SK - SC Remagen"]
[Site "?"]
[Date "2008.02.10"]
[Round "9.7"]
[White "Mainka, Romuald"]
[Black "Beikert, Guenther Dr"]
[Result "1/2-1/2"]
[WhiteElo "2496"]
[BlackElo "2449"]
[PlyCount "66"]
[EventDate "2008.??.??"]

1. e4 c6 2. d4 d5 3. Nc3 dxe4 4. Nxe4 Bf5 5. Ng3 Bg6 6. h4 h6 7. Nf3 Nd7 8. h5
Bh7 9. Bd3 Bxd3 10. Qxd3 e6 11. Bf4 Qa5+ 12. Bd2 Qc7 13. O-O-O Ngf6 14. Ne4
Nxe4 15. Qxe4 Bd6 16. Qg4 Rg8 17. Bxh6 Nf6 18. Qh4 Nxh5 19. Qxh5 gxh6 20. g3
Bf8 21. Ne5 Rg5 22. Qh3 O-O-O 23. f4 Rg8 24. Rd3 Bg7 25. Rhd1 Kb8 26. Qh5 Rgf8
27. a3 Kc8 28. Kb1 Kb8 29. Ka2 Kc8 30. R1d2 Kb8 31. Rd1 Kc8 32. Qh3 Kb8 33. Qh5
Kc8 1/2-1/2

[Event "BL 0708 Hamburger SK - SC Remagen"]
[Site "?"]
[Date "2008.02.10"]
[Round "9.8"]
[White "Huschenbeth, Niclas"]
[Black "Swinkels, Robin"]
[Result "1/2-1/2"]
[WhiteElo "2318"]
[BlackElo "2433"]
[PlyCount "71"]
[EventDate "2008.??.??"]

1. e4 c5 2. Nf3 d6 3. d4 cxd4 4. Nxd4 Nf6 5. Nc3 Nc6 6. Bg5 e6 7. Qd2 a6 8.
O-O-O Bd7 9. f3 Be7 10. Be3 h5 11. Kb1 Qc7 12. Nxc6 Bxc6 13. Ne2 d5 14. e5 Nd7
15. f4 Bb5 16. g3 g6 17. Bg2 Bxe2 18. Qxe2 b5 19. h3 Bc5 20. Bxc5 Qxc5 21. g4
Nb6 22. b3 Rb8 23. Qd2 Nc4 24. bxc4 bxc4+ 25. Ka1 c3 26. Qd4 Qa3 27. Rb1 Rb2
28. Bxd5 exd5 29. Qxd5 O-O 30. e6 Rfb8 31. exf7+ Kg7 32. Qe5+ Kh7 33. f8=N+
Rxf8 34. Qc7+ Kh8 35. Qe5+ Kh7 36. Qc7+ 1/2-1/2

[Event "BL 0708 Werder Bremen - Godesberger SK"]
[Site "?"]
[Date "2008.02.10"]
[Round "9.4"]
[White "Kritz, Leonid"]
[Black "Kveinys, Aloyzas"]
[Result "1/2-1/2"]
[WhiteElo "2596"]
[BlackElo "2517"]
[PlyCount "52"]
[EventDate "2008.??.??"]

1. e4 c5 2. Nf3 e6 3. d4 cxd4 4. Nxd4 a6 5. Bd3 Nf6 6. O-O Qc7 7. Qe2 d6 8. c4
g6 9. Nc3 Bg7 10. Nf3 Nc6 11. h3 Nd7 12. Bf4 Bxc3 13. bxc3 e5 14. Bh6 Nc5 15.
Rfd1 f6 16. Nh2 Be6 17. Nf1 Qf7 18. Be3 Nxd3 19. Qxd3 Rd8 20. Nd2 O-O 21. Rab1
Rd7 22. Bb6 Rc8 23. a4 Ne7 24. Rb4 Nc6 25. Rb2 Ne7 26. Rb4 Nc6 1/2-1/2

[Event "BL 0708 Werder Bremen - Godesberger SK"]
[Site "?"]
[Date "2008.02.10"]
[Round "9.5"]
[White "Jenni, Florian"]
[Black "Hracek, Zbynek"]
[Result "1-0"]
[WhiteElo "2511"]
[BlackElo "2598"]
[PlyCount "105"]
[EventDate "2008.??.??"]

1. e4 c5 2. c3 Nf6 3. e5 Nd5 4. d4 cxd4 5. Nf3 Nc6 6. cxd4 d6 7. Bc4 Nb6 8. Bb5
dxe5 9. Nxe5 Bd7 10. Nxd7 Qxd7 11. Nc3 Rd8 12. Be3 e6 13. O-O Be7 14. Qf3 a6
15. Bxc6 Qxc6 16. Qxc6+ bxc6 17. Rfc1 Kd7 18. Ne4 a5 19. a4 Ra8 20. Nc5+ Bxc5
21. Rxc5 Ra6 22. Bd2 Rha8 23. Kf1 Nd5 24. Ke2 Rb8 25. Rb1 Nb6 26. Ra1 Nd5 27.
Ra2 Rba8 28. Ra3 h5 29. Rf3 f6 30. h4 Kd6 31. Rb3 e5 32. Kd3 Nb6 33. Be3 Nd7
34. Rc1 exd4 35. Kxd4 Ke6 36. Ke4 Ne5 37. Rd1 Re8 38. Rb7 Re7 39. Rxe7+ Kxe7
40. Bc5+ Ke8 41. Kf5 Nd7 42. Re1+ Kd8 43. Be7+ Kc7 44. Kg6 Rb6 45. Ba3 c5 46.
Re7 Kd6 47. Rxg7 Ne5+ 48. Kxf6 Nc4 49. Kg5 Nxa3 50. Rg6+ Kc7 51. Rxb6 Kxb6 52.
bxa3 c4 53. Kf4 1-0

[Event "BL 0708 Werder Bremen - Godesberger SK"]
[Site "?"]
[Date "2008.02.10"]
[Round "9.6"]
[White "Nyback, Tomi"]
[Black "Likavsky, Tomas"]
[Result "1-0"]
[WhiteElo "2565"]
[BlackElo "2496"]
[PlyCount "86"]
[EventDate "2008.??.??"]

1. d4 d6 2. Nf3 g6 3. c4 Bg7 4. e4 e5 5. Nc3 Nc6 6. dxe5 Nxe5 7. Be2 Nxf3+ 8.
Bxf3 Ne7 9. Be3 Be6 10. Be2 O-O 11. Qd2 a6 12. h4 b5 13. h5 bxc4 14. Bh6 Bf6
15. Bxf8 Qxf8 16. f4 Rb8 17. g4 Qg7 18. O-O-O Nc6 19. h6 Qf8 20. f5 Qe7 21. Kb1
Ne5 22. fxe6 fxe6 23. Rdf1 Bg5 24. Qc2 c6 25. Na4 d5 26. Qc3 Nd7 27. Bxc4 dxc4
28. Qxc4 Ne5 29. Qc5 Qc7 30. Rh3 Be7 31. Qc2 Nxg4 32. Qe2 Ne5 33. Qxa6 Qd8 34.
Qe2 Qd4 35. Rb3 Rxb3 36. axb3 Bf8 37. Nc3 Bxh6 38. Qa6 Qd3+ 39. Qxd3 Nxd3 40.
Ne2 Nc5 41. Nd4 Nxb3 42. Nxb3 Bg7 43. Nc5 Bf8 1-0

[Event "BL 0708 Werder Bremen - Godesberger SK"]
[Site "?"]
[Date "2008.02.10"]
[Round "9.8"]
[White "Fish, Gennadij"]
[Black "Jackelen, Thomas"]
[Result "1/2-1/2"]
[WhiteElo "2546"]
[BlackElo "2437"]
[PlyCount "51"]
[EventDate "2008.??.??"]

1. d4 d5 2. c4 c6 3. Nf3 Nf6 4. Nc3 a6 5. e3 e6 6. Qc2 c5 7. cxd5 exd5 8. Be2
Nc6 9. O-O Be6 10. a3 Rc8 11. Rd1 cxd4 12. exd4 Be7 13. Bg5 O-O 14. Ne5 h6 15.
Bh4 Ne4 16. Bxe7 Nxe7 17. Qb3 Nxc3 18. bxc3 Qc7 19. Rab1 b5 20. a4 Qxc3 21.
axb5 Qxb3 22. Rxb3 axb5 23. Rxb5 Rc7 24. Bf3 Rfc8 25. Nd3 Rc4 26. Nc5 1/2-1/2

[Event "BL 0708 Bindl-Aktionär - SC Kreuzberg"]
[Site "?"]
[Date "2008.03.08"]
[Round "10.2"]
[White "Baklan, Vladimir"]
[Black "Luther, Thomas"]
[Result "1-0"]
[WhiteElo "2639"]
[BlackElo "2534"]
[PlyCount "75"]
[EventDate "2008.??.??"]

1. e4 e6 2. d4 d5 3. Nc3 Nf6 4. Bg5 Bb4 5. e5 h6 6. Bc1 Nfd7 7. Qg4 g6 8. Bd3
c5 9. a3 cxd4 10. axb4 dxc3 11. Nf3 Nc6 12. O-O Ndxe5 13. Nxe5 Nxe5 14. Qd4
cxb2 15. Bxb2 f6 16. Be2 Kf7 17. b5 Kg7 18. Ra3 Nf7 19. f4 Nd6 20. g4 Bd7 21.
g5 Qb6 22. Qxb6 axb6 23. Bxf6+ Kf7 24. Rfa1 Rxa3 25. Rxa3 Rh7 26. Ra7 hxg5 27.
Be5 Ke7 28. fxg5 Rh4 29. Bxd6+ Kxd6 30. Rxb7 e5 31. Rxb6+ Kc5 32. Rxg6 Bxb5 33.
Bxb5 Kxb5 34. Rg8 Kc4 35. g6 Kd4 36. g7 e4 37. Kf1 Rg4 38. h4 1-0

[Event "BL 0708 Bindl-Aktionär - SC Kreuzberg"]
[Site "?"]
[Date "2008.03.08"]
[Round "10.3"]
[White "Kalinitschew, Sergey"]
[Black "Laznicka, Viktor"]
[Result "0-1"]
[WhiteElo "2489"]
[BlackElo "2610"]
[PlyCount "122"]
[EventDate "2008.??.??"]

1. d4 Nf6 2. Nf3 e6 3. c4 d5 4. Nc3 Bb4 5. cxd5 exd5 6. Bg5 O-O 7. e3 c5 8.
dxc5 Nbd7 9. Rc1 Nxc5 10. Qd4 Bxc3+ 11. Qxc3 Nce4 12. Bxf6 Nxf6 13. Be2 Bg4 14.
O-O Qb6 15. Rfd1 Rfc8 16. Qd4 Qxd4 17. Nxd4 Bxe2 18. Nxe2 Kf8 19. f3 Ke7 20.
Kf2 h5 21. h4 Kd6 22. Nd4 Kd7 23. Kg3 Ng8 24. Kf4 Ne7 25. Kg5 Rxc1 26. Rxc1 Rh8
27. Nf5 f6+ 28. Kf4 g5+ 29. hxg5 Ng6+ 30. Kg3 fxg5 31. Rd1 Ke6 32. Nd4+ Kf6 33.
Rc1 h4+ 34. Kf2 Ne5 35. Rc7 g4 36. fxg4 Nxg4+ 37. Ke2 Re8 38. Rc3 Re4 39. Nf3
Nh6 40. Rd3 Nf5 41. Kf2 Rg4 42. Ra3 Rc4 43. Rd3 Ke6 44. Rc3 Rb4 45. Rb3 Rxb3
46. axb3 Kf6 47. Ke2 Kg6 48. Kd3 Kh5 49. e4 Ne7 50. Kd4 dxe4 51. Kxe4 Kg4 52.
Ke5 Nf5 53. Nxh4 Nxh4 54. Kd6 Nxg2 55. Kc7 b5 56. Kc6 a6 57. Kb6 Ne1 58. Kxa6
b4 59. Kb5 Nc2 60. Kc4 Kf3 61. Kd3 Ne3 0-1

[Event "BL 0708 Bindl-Aktionär - SC Kreuzberg"]
[Site "?"]
[Date "2008.03.08"]
[Round "10.4"]
[White "Baramidze, David"]
[Black "Volke, Karsten"]
[Result "1-0"]
[WhiteElo "2569"]
[BlackElo "2472"]
[PlyCount "95"]
[EventDate "2008.??.??"]

1. e4 e5 2. Nf3 Nc6 3. Bb5 a6 4. Ba4 Nf6 5. O-O Be7 6. Re1 b5 7. Bb3 d6 8. c3
O-O 9. h3 Nb8 10. d4 Nbd7 11. Nbd2 Bb7 12. Bc2 Re8 13. Nf1 Bf8 14. Ng3 g6 15.
b3 Bg7 16. d5 Qe7 17. a4 c6 18. c4 bxc4 19. bxc4 Nc5 20. a5 Reb8 21. Be3 Nfd7
22. Qd2 cxd5 23. cxd5 Qd8 24. Rec1 Bc8 25. Qc3 Ra7 26. Nd2 Rc7 27. Qa3 Rb5 28.
Ne2 Nb7 29. Ba4 Rxa5 30. Nb3 Rxa4 31. Qxa4 Ndc5 32. Nxc5 Nxc5 33. Qa5 Bf8 34.
Rab1 f5 35. exf5 Bxf5 36. Rb7 Nxb7 37. Qxc7 Qxc7 38. Rxc7 Nd8 39. Ng3 Bd3 40.
f3 Nf7 41. Ne4 h6 42. Nf6+ Kg7 43. Bxh6+ Kxf6 44. Bxf8 e4 45. f4 e3 46. Re7 e2
47. Kf2 Nd8 48. Re3 1-0

[Event "BL 0708 Bindl-Aktionär - SC Kreuzberg"]
[Site "?"]
[Date "2008.03.08"]
[Round "10.6"]
[White "Slobodjan, Roman"]
[Black "Loeffler, Stefan"]
[Result "1/2-1/2"]
[WhiteElo "2547"]
[BlackElo "2409"]
[PlyCount "120"]
[EventDate "2008.??.??"]

1. e4 Nf6 2. e5 Nd5 3. d4 d6 4. Nf3 dxe5 5. Nxe5 c6 6. Bd3 Nd7 7. Nxd7 Bxd7 8.
O-O g6 9. Re1 Bg7 10. c3 O-O 11. Nd2 Re8 12. Qb3 e5 13. dxe5 Bg4 14. Ne4 Bxe5
15. Bg5 Qb6 16. Bc4 Be6 17. h3 Kg7 18. Bh4 f6 19. Bg3 Bxg3 20. Nxg3 Qc7 21. Qa3
Bf7 22. Bxd5 Bxd5 23. Rxe8 Rxe8 24. Qxa7 c5 25. c4 Bxc4 26. Rc1 Bd5 27. Rxc5
Re1+ 28. Kh2 Bc6 29. b4 Rb1 30. b5 Rxb5 31. Rxb5 Bxb5 32. Qd4 Qc4 33. Qd2 h5
34. f3 Bc6 35. Ne2 Qd5 36. Nd4 h4 37. Kg1 Kf7 38. Kf2 Bd7 39. Qb2 Qc5 40. Qb3+
Ke7 41. Qe3+ Kd6 42. f4 b5 43. Nf3 b4 44. Nxh4 Be6 45. Ke2 Qxe3+ 46. Kxe3 Bxa2
47. Kd4 Bf7 48. g4 b3 49. Kc3 Kd5 50. f5 g5 51. Ng6 Ke4 52. Nf8 Kf3 53. Nd7 Kg3
54. Nxf6 Kxh3 55. Kb2 Kg3 56. Kc3 Kf4 57. Kb2 Ke5 58. Nh7 Bg8 59. Nxg5 Kf4 60.
Ne6+ Kxg4 1/2-1/2

[Event "BL 0708 Bindl-Aktionär - SC Kreuzberg"]
[Site "?"]
[Date "2008.03.08"]
[Round "10.7"]
[White "Schilow, Vladimir"]
[Black "Markos, Jan"]
[Result "1-0"]
[WhiteElo "2400"]
[BlackElo "2565"]
[PlyCount "61"]
[EventDate "2008.??.??"]

1. e4 c5 2. Nf3 Nc6 3. Bb5 d6 4. Bxc6+ bxc6 5. O-O e5 6. c3 f5 7. Qa4 Nf6 8.
exf5 Bxf5 9. d4 e4 10. Nfd2 cxd4 11. cxd4 Qd7 12. Nc3 Be7 13. Re1 d5 14. f3 Rb8
15. fxe4 Rb4 16. Qa5 dxe4 17. Ndxe4 Nxe4 18. Nxe4 O-O 19. Ng3 Bg6 20. a3 Rb5
21. Qc3 Bf6 22. Be3 c5 23. Rad1 Rc8 24. Qc4+ Bf7 25. d5 Rxb2 26. Ne4 Bh4 27.
Rf1 Qe7 28. g3 Bf6 29. Nxf6+ gxf6 30. Qg4+ Bg6 31. Qxc8+ 1-0